000 01064nam a22003011 4500
001 7327
003 BD-RjUL
005 20211208234411.0
008 140113s1968 at a b 001 0 eng
035 _a(BD-RjUL)7370
040 _aDLC
_cDLC
_dDLC
_dBD-RjUL
_beng
041 _aeng
082 0 0 _a382.0994
_bCRA 1968
100 1 _aCrawford, John Grenfell,
_918769
245 1 0 _aAustralian trade policy 1942-1966 :
_ba documentary history /
_cby J. G. Crawford assisted by Nancy Anderson and Margery G. N. Morris.
260 _aCanberra :
_bAustralian National University Press,
_aToronto :
_bUniversity of Toronto Press,
_cc1968.
300 _axxvii, 641 p. :
_btables. ;
_c25 cm.
504 _aBibliography: p. 621-629.
504 _aIncludes Index.
650 0 _aForeign trade regulation
_zAustralia.
_918770
651 0 _aAustralia
_xCommercial policy.
_918771
651 0 _aAustralia
_xCommerce.
_99642
700 1 _aAnderson, Nancy.
_922875
700 1 _aMorris, Margery G. N.
_922876
942 _2ddc
_cBK
999 _c7327
_d7327